Statistics for Senegal National Football Team

Click here to take the quiz!

General Stats

  • This quiz has been taken 865 times
    (30 since last reset)
  • The average score is 5 of 16

Answer Stats

GoalsCapsPlayer% Correct
43107Sadio Mané
100%
180Kalidou Koulibaly
67%
387Roger Mendy
56%
7110Idrissa Gueye
44%
2470El Hadji Diouf
41%
1736Papiss Cissé
41%
1262Ismaila Sarr
37%
2054Mamadou Niang
22%
2999Henri Camara
15%
491Cheikhou Kouyaté
11%
471Lamine Diatta
11%
1535Mamadou Diallo
11%
2073Jules Bocandé
4%
1234Moussa Konaté
0%
1850Moussa Sow
0%
083Tony Sylva
0%

Score Distribution

Percentile by Number Answered

Percent of People with Each Score

Your Score History

You have not taken this quiz since the last reset